Výskyt mikroorganizmov v balených minerálnych vodách

Gespeichert in:
Bibliographische Detailangaben
1. Verfasser: Kočiš-Kovaľ, Martin (Verfasst von)
Weitere Verfasser: Medveďová, Alžbeta (Betreuung Doktorarbeit)
Format: Manuskript Buch
Sprache:Slowakisch
Veröffentlicht: 2017
Schlagworte:
Online-Zugang:http://is.stuba.sk/zp/portal_zp.pl?podrobnosti=132709
Tags: Tag hinzufügen
Keine Tags, Fügen Sie das erste Tag hinzu!

MARC

LEADER 00000ntm a22000003a 4500
001 stuzp64176
003 SK-STU
005 20170715210732.0
007 ta
008 150427s2015----xo-----f-mn---000-0-slo-d
040 |a STU  |b slo 
041 0 |a slo 
100 1 |a Kočiš-Kovaľ, Martin  |u 040270  |4 aut  |U FCHPT Ústav potravinárstva a výživy  |T FCHPT Oddelenie výživy a hodnotenia kvality potravín  |X 63718  |U C0270  |Y 686  |7 63718 
242 0 1 |a Occurence of microorganisms in bottled mineral waters  |y eng 
245 1 0 |a Výskyt mikroorganizmov v balených minerálnych vodách 
260 |c 2017 
650 4 |a minerálna voda  |2 slo 
650 4 |a mikrobiálna kontaminácia  |2 slo 
650 4 |a identifikácia mikroorganizmov  |2 slo 
650 4 |a microbial contamination  |2 eng 
650 4 |a mineral water  |2 eng 
650 4 |a identification of microorganisms  |2 eng 
700 1 |a Medveďová, Alžbeta  |u 040270  |k Z1  |4 ths  |U FCHPT Ústav potravinárstva a výživy  |T FCHPT Oddelenie výživy a hodnotenia kvality potravín  |X 19372  |U C0270  |Y 686  |7 A000019372 
856 4 |u http://is.stuba.sk/zp/portal_zp.pl?podrobnosti=132709